000 00794cam a22002413a 4500
001 10005
003 PGUSA
005 20140828083218.0
008 031101s2003||||xxu|||||s|||||000 1 eng d
040 _aPGUSA
_beng
042 _adc
050 4 _aPS
100 1 _aTucker, George,
_d1775-1861
245 1 2 _aA Voyage to the Moon :
_bWith Some Account of the Manners and Customs, Science and Philosophy, of the People of Morosofia, and Other Lunarians
_h[electronic resource] /
_cGeorge Tucker
260 _bProject Gutenberg,
_c2003
506 _aPublic domain in the USA.
516 _aElectronic text
653 _aSpace flight to the moon -- Fiction
653 _aScience fiction
830 0 _aProject Gutenberg
_v10005
856 4 0 _uhttp://www.gutenberg.org/ebooks/10005
942 _cEB
999 _c239260
_d239260